| 000 | 00591nmm a2200193Ia 4500 | ||
|---|---|---|---|
| 008 | 251105s9999||||xx |||||||||||||||||und|| | ||
| 020 | _a9788417761417 | ||
| 041 | _aspa | ||
| 100 | _aEstrella González, Juan José | ||
| 245 | 0 | _aLuz de febrero | |
| 264 |
_a[Madrid, España] : _bDuomo ediciones, _c[Fecha de publicación no identificada] |
||
| 300 | _a0 páginas | ||
| 490 | _aNefelibata | ||
| 650 | _aNorth American narrative | ||
| 700 | _aEstrella González, Juan José | ||
| 700 | 1 | _a Strout, Elizabeth | |
| 856 | _uhttps://public.digitaliapublishing.com/a/81245 | ||
| 942 | _cCF | ||
| 999 |
_c65195 _d65195 |
||